书目信息 |
| 题名: |
更年期瑜伽
|
|
| 作者: | 陈玉芬 著 | |
| 分册: | ||
| 出版信息: | 北京 知识出版社 2006.10 |
|
| 页数: | 129页 | |
| 开本: | 21cm | |
| 丛书名: | 美人生活馆 | |
| 单 册: | ||
| 中图分类: | R711.75 | |
| 科图分类: | ||
| 主题词: | 女性--nu xing--更年期--保健 , 女性--nu xing--瑜珈术 | |
| 电子资源: | ||
| ISBN: | 7-5015-5023-9 | |
| 000 | 00887nam 2200265 450 | |
| 001 | 012007134959 | |
| 005 | 20071010160004.43 | |
| 010 | @a7-5015-5023-9@dCNY28.00 (含光盘) | |
| 100 | @a20070803d2006 km y0chiy0120 ea | |
| 101 | 0 | @achi |
| 102 | @aCN@b110000 | |
| 105 | @aac z 000yy | |
| 200 | 1 | @a更年期瑜伽@Ageng nian qi yu jia@f陈玉芬著@Fchen yu fen zhu |
| 210 | @a北京@c知识出版社@d2006.10 | |
| 215 | @a129页@c图, 肖像@d21cm@e光盘1片 | |
| 225 | 2 | @a美人生活馆@Amei ren sheng huo guan@v5 |
| 307 | @a光盘 ISBN : 7-5015-5023-9 | |
| 330 | @a本书针对更年期女性设计出实用的瑜伽动作,加上书中对饮食营养的介绍,相信对于读者而言,应可从中获得想当的助益。 | |
| 410 | 0 | @12001 @a美人生活馆 |
| 606 | 0 | @a女性@Anu xing@x更年期@x保健 |
| 606 | 0 | @a女性@Anu xing@x瑜珈术 |
| 690 | @aR711.75@v4 | |
| 701 | 0 | @a陈玉芬@Achen yu fen@4著 |
| 801 | 0 | @aCN@c20071010 |
| 905 | @dR711.75@eC631 | |
| 更年期瑜伽/陈玉芬著.-北京:知识出版社,2006.10 |
| 129页:图, 肖像;21cm+光盘1片.-(美人生活馆;5) |
| ISBN 7-5015-5023-9:CNY28.00 (含光盘) |
| 本书针对更年期女性设计出实用的瑜伽动作,加上书中对饮食营养的介绍,相信对于读者而言,应可从中获得想当的助益。 |
| ● |
| 相关链接 |
|
|
|
正题名:更年期瑜伽
索取号:R711.75/C631
 
预约/预借
| 序号 | 登录号 | 条形码 | 馆藏地/架位号 | 状态 | 备注 |
| 1 | 252020 | 202520209 | 自科库401/401自科库 20排1列4层/ [索取号:R711.75/C631] | 在馆 | |
| 2 | 252021 | 202520218 | 自科库401/401自科库 20排1列4层/ [索取号:R711.75/C631] | 在馆 |